[Event "OMA-ch 11th"]
[Site "Muscat"]
[Date "2024.01.26"]
[Round "3"]
[White "Al Saidi, Mohammed Khalfan"]
[Black "Al Balushi, Salim"]
[Result "1-0"]
[WhiteElo "1827"]
[BlackElo "1383"]
[PlyCount "65"]
[EventDate "2024.01.24"]
[EventType "swiss"]
[EventRounds "9"]
[EventCountry "OMN"]
[SourceTitle "CB06_2024"]
[SourceDate "2024.02.07"]
[SourceVersion "1"]
[SourceVersionDate "2024.02.07"]
[SourceQuality "1"]

1. d4 Nf6 2. c4 c5 3. d5 d6 4. Nc3 e6 5. g3 g6 6. Bg2 Bg7 7. Nf3 0-0 8. 0-0 Nbd7 9. dxe6 Nb6 10. exf7+ Rxf7 11. b3 Ne4 12. Nxe4 Bxa1 13. Bg5 Bf6 14. Nxf6+ Rxf6 15. Nd2 Qf8 16. Bxf6 Qxf6 17. Ne4 Qe7 18. Nxd6 a5 19. e4 a4 20. f4 axb3 21. axb3 Bd7 22. b4 cxb4 23. c5 Ba4 24. Qd4 Nd7 25. Ra1 Nxc5 26. Qxc5 b3 27. Qc4+ Kg7 28. Qc3+ Kh6 29. g4 Ra5 30. g5+ Rxg5 31. fxg5+ Kxg5 32. Rf1 Qxd6 33. Qe3+ 1-0

[Event "Asia-ch Amateur"]
[Site "Muscat"]
[Date "2022.10.01"]
[Round "3"]
[White "Al Balushi, Salim"]
[Black "Zholdoshmamatov, Adilet"]
[Result "1-0"]
[WhiteElo "1374"]
[BlackElo "1654"]
[PlyCount "69"]
[EventDate "2022.09.29"]
[EventType "swiss"]
[EventRounds "9"]
[EventCountry "OMN"]
[SourceTitle "CBM 210 Extra"]
[Source "ChessBase"]
[SourceDate "2022.11.30"]
[SourceVersion "1"]
[SourceVersionDate "2022.11.30"]
[SourceQuality "1"]

1. d3 Nf6 2. c3 g6 3. Qc2 Bg7 4. e4 d6 5. a4 0-0 6. Nf3 e5 7. Bg5 Nbd7 8. Be2 c6 9. h3 d5 10. 0-0 Qc7 11. Re1 Nc5 12. Nbd2 Ne6 13. Bh4 Nf4 14. Bf1 N6h5 15. a5 f5 16. exf5 gxf5 17. c4 Ng6 18. cxd5 Nxh4 19. Nxh4 Qe7 20. Nhf3 cxd5 21. Qb3 Qd6 22. Rac1 Kh8 23. Nb1 e4 24. dxe4 fxe4 25. Nh2 Bd4 26. Re3 Qg3 27. fxg3 Nxg3 28. Rd1 Bxe3+ 29. Qxe3 Nf5 30. Qc5 Be6 31. Ng4 Rac8 32. Qxa7 d4 33. Qxb7 e3 34. Bd3 Ng3 35. Qxh7# 1-0